Figure Out the Lyrics: TV Theme VIII Quiz Stats

 Plays Quiz Updated May 29, 2016

Challenge
Share
Tweet
Embed
Score 0/127 Timer 07:00
2 Plays Today
% Correct
I
96.1%
a
95.8%
my
95.4%
The
94.6%
you.
87.1%
you.
87.1%
you.
87.1%
and
78.9%
and
78.9%
and
78.9%
and
78.9%
and
78.9%
be
74.4%
to
72.4%
to
72.4%
me.
70.8%
me
70.8%
me.
70.8%
it
65.2%
are
60.6%
are
60.6%
are
60.6%
are
60.6%
are
60.6%
are
60.6%
can
59.5%
when
57.6%
what
52.4%
so
50.7%
day,
46.4%
with
43%
with
43%
with
43%
all
39.9%
all
39.9%
them
30.6%
them
30.6%
Happy
30.1%
Happy
30.1%
Happy
30.1%
Happy
30.1%
Happy
30.1%
Happy
30.1%
% Correct
Happy
30.1%
Happy
30.1%
Happy
30.1%
Happy
30.1%
Happy
30.1%
Happy
30.1%
Happy
30.1%
can't
29.6%
mine.
29.6%
mine,
29.6%
Days!
29.4%
Days!
29.4%
Days!
29.4%
days
29.4%
Days.)
29.4%
days
29.4%
Days!
29.4%
Days!
29.4%
Days!
29.4%
days
29.4%
Days.)
29.4%
days
29.4%
Days
29.4%
Days
29.4%
Days!
29.4%
These
27.8%
These
27.8%
These
27.8%
These
27.8%
These
27.8%
These
27.8%
yours
26.2%
yours
26.2%
(Oh
25.4%
(Oh
25.4%
(Oh
25.4%
(Oh
25.4%
Monday,
24.1%
Monday,
24.1%
Tuesday,
23.9%
Tuesday,
23.9%
Sunday,
23.8%
Wednesday,
23.8%
% Correct
Sunday,
23.8%
Wednesday,
23.8%
Friday,
23.6%
Friday,
23.6%
Thursday,
23.5%
Thursday,
23.5%
week
22.8%
week
22.8%
ours.
22.7%
ours.
22.7%
ours.
22.7%
ours.
22.7%
Saturday,
17.4%
right,
17%
free.
16.6%
free.
16.6%
nothing
15.9%
hold
15.9%
hold
15.9%
long.
15.7%
weekend
15.3%
There's
15.3%
comes,
14.4%
wrong.
13.6%
hello
13.5%
blue.
12.3%
Rockin'
11.8%
Feels
11.5%
sky,
11.2%
rollin'
10.9%
Goodbye
10.6%
Share
10%
Share
10%
Baby.)
9.9%
grey
9.9%
Baby.)
9.9%
groovin'
9.1%
ready
8.7%
hums,
7.9%
cycle
7.2%
race
6.3%

You're not logged in!

Compare scores with friends on all Sporcle quizzes.
OR
Log In

You Might Also Like...

Show Comments

Extras

Top Quizzes Today


Score Distribution

Your Account Isn't Verified!

In order to create a playlist on Sporcle, you need to verify the email address you used during registration. Go to your Sporcle Settings to finish the process.

Report this User

Report this user for behavior that violates our Community Guidelines.

Details: